[Event "Open Internacional Sant Marti 2023"]
[Site "?"]
[Date "2023.07.16"]
[Round "4.1"]
[White "Arenas, David"]
[Black "Escalante Ramirez, Brian Sebasti"]
[Result "1-0"]
[BlackElo "2488"]
[WhiteElo "2418"]
[LiveChessVersion "1.4.8"]

1. e4 c5 {[%clk 1:30:38]} 2. Nf3 {[%clk 1:31:14]} d6 3. d4 {[%clk 1:31:33]} cxd4
{[%clk 1:30:58]} 4. Nxd4 {[%clk 1:31:57]} Nf6 {[%clk 1:31:48]} 5. Nc3
{[%clk 1:32:16]} g6 6. Be3 Bg7 {[%clk 1:32:08]} 7. f3 {[%clk 1:32:55]} O-O 8. Qd2
{[%clk 1:33:19]} Nc6 {[%clk 1:32:48]} 9. O-O-O {[%clk 1:33:45]} d5
{[%clk 1:32:53]} 10. Nxc6 {[%clk 1:34:04]} bxc6 {[%clk 1:33:12]} 11. Bh6
{[%clk 1:34:56]} Bxh6 {[%clk 1:33:11]} 12. Qxh6 Rb8 {[%clk 1:32:54]} 13. e5
{[%clk 1:35:18]} Nd7 {[%clk 1:33:15]} 14. Rd4 {[%clk 1:35:30]} Re8 15. e6 Nf6
{[%clk 1:33:47]} 16. exf7+ {[%clk 1:34:34]} Kxf7 17. Ra4 {[%clk 1:34:43]} Qb6
{[%clk 1:23:36]} 18. b3 {[%clk 1:32:42]} e5 {[%clk 0:48:19]} 19. Bd3
{[%clk 1:26:36]} Qc5 {[%clk 0:46:51]} 20. Kb2 {[%clk 1:15:00]} Rb4 21. Re1 Rxa4
{[%clk 0:43:14]} 22. Nxa4 {[%clk 1:15:28]} Qd4+ {[%clk 0:35:12]} 23. Kb1
{[%clk 1:09:08]} Bf5 24. Qe3 {[%clk 1:09:37]} Qxe3 {[%clk 0:27:37]} 25. Rxe3
{[%clk 1:09:45]} e4 {[%clk 0:21:01]} 26. fxe4 {[%clk 0:54:24]} Ng4
{[%clk 0:21:16]} 27. Rg3 {[%clk 0:54:53]} dxe4 {[%clk 0:21:16]} 28. Bc4+
{[%clk 0:54:53]} Kf6 {[%clk 0:21:21]} 29. h3 {[%clk 0:40:37]} Nf2
{[%clk 0:17:22]} 30. Be2 {[%clk 0:40:52]} e3 {[%clk 0:13:24]} 31. Kc1
{[%clk 0:38:40]} h5 32. Nb2 {[%clk 0:39:02]} h4 {[%clk 0:11:56]} 33. Rf3 Kg5
{[%clk 0:09:20]} 34. Nc4 {[%clk 0:38:33]} Be4 {[%clk 0:10:19]} 35. Rxe3
{[%clk 0:38:50]} Rf8 {[%clk 0:07:13]} 36. g3 hxg3 {[%clk 0:07:42]} 37. Rxg3+
{[%clk 0:30:59]} Kf4 {[%clk 0:07:14]} 38. Rg1 Rh8 39. Nd6 {[%clk 0:16:49]} Bf5
{[%clk 0:07:24]} 40. Nxf5 {[%clk 0:17:12]} gxf5 {[%clk 0:07:53]} 41. Rg7 Rxh3
{[%clk 0:05:18]} 42. Rxa7 {[%clk 0:17:59]} Rh1+ {[%clk 0:05:04]} 43. Kb2
{[%clk 0:11:16]} Re1 {[%clk 0:05:33]} 44. Bc4 Nd1+ {[%clk 0:05:56]} 45. Ka3
{[%clk 0:11:42]} c5 46. Ka4 {[%clk 0:11:07]} Nc3+ {[%clk 0:06:07]} 47. Ka5
{[%clk 0:08:34]} Rc1 48. Kb6 Rxc2 {[%clk 0:04:50]} 49. a4 {[%clk 0:09:04]} Ne4
50. Rc7 {[%clk 0:07:14]} Nd2 {[%clk 0:04:20]} 51. Rxc5 {[%clk 0:07:03]} Nxc4+
{[%clk 0:03:59]} 52. bxc4 Rb2+ {[%clk 0:04:17]} 53. Rb5 {[%clk 0:07:13]} Rxb5+
{[%clk 0:02:18]} 54. cxb5 Ke3 55. Kc5 {[%clk 0:06:32]} f4 {[%clk 0:02:46]} 56. b6
{[%clk 0:06:59]} f3 {[%clk 0:03:12]} 57. b7 {[%clk 0:07:27]} f2 {[%clk 0:03:40]}
58. b8=Q {[%clk 0:07:54]} f1=Q 59. Qb3+ {[%clk 0:08:39]} Kd2 {[%clk 0:02:53]} 60.
Qb2+ {[%clk 0:09:04]} Ke3 {[%clk 0:03:16]} 61. Qd4+ 1-0

[Event "Open Internacional Sant Marti 2023"]
[Site "?"]
[Date "2023.07.16"]
[Round "4.2"]
[White "Berdayes Ason, Dylan Isidro"]
[Black "Kaustuv, Kundu"]
[Result "1/2-1/2"]
[BlackElo "2266"]
[WhiteElo "2509"]
[LiveChessVersion "1.4.8"]

1. e4 {[%clk 1:24:03]} c5 {[%clk 1:30:15]} 2. Nf3 {[%clk 1:24:31]} d6
{[%clk 1:30:38]} 3. d4 {[%clk 1:24:58]} cxd4 {[%clk 1:31:01]} 4. Nxd4
{[%clk 1:25:26]} Nf6 {[%clk 1:31:22]} 5. Nc3 {[%clk 1:25:53]} Nc6
{[%clk 1:31:46]} 6. Bg5 {[%clk 1:26:18]} e6 {[%clk 1:32:01]} 7. Qd2
{[%clk 1:26:46]} a6 {[%clk 1:32:04]} 8. O-O-O {[%clk 1:27:12]} Bd7
{[%clk 1:31:30]} 9. f3 {[%clk 1:27:40]} Nxd4 {[%clk 1:31:22]} 10. Qxd4
{[%clk 1:28:08]} Be7 {[%clk 1:31:45]} 11. Kb1 {[%clk 1:28:34]} Qc7
{[%clk 1:30:21]} 12. h4 {[%clk 1:29:02]} Rc8 {[%clk 1:23:24]} 13. Qd2
{[%clk 1:27:41]} h6 {[%clk 1:21:15]} 14. Bf4 {[%clk 1:19:41]} e5 {[%clk 1:17:36]}
15. Be3 {[%clk 1:20:09]} Be6 {[%clk 1:13:14]} 16. g4 {[%clk 1:14:44]} Rd8
{[%clk 1:08:22]} 17. Nd5 {[%clk 1:13:34]} Nxd5 {[%clk 1:08:02]} 18. exd5
{[%clk 1:13:59]} Bd7 {[%clk 1:08:25]} 19. Bd3 {[%clk 1:11:36]} h5
{[%clk 1:03:27]} 20. Rdg1 {[%clk 1:09:59]} Kf8 {[%clk 1:02:17]} 21. gxh5
{[%clk 1:05:23]} Rxh5 {[%clk 1:02:17]} 22. f4 {[%clk 1:01:12]} Bf5
{[%clk 0:47:49]} 23. Qe2 {[%clk 0:49:01]} Bxd3 {[%clk 0:46:31]} 24. Qxh5
{[%clk 0:48:47]} Qxc2+ {[%clk 0:37:06]} 25. Ka1 {[%clk 0:49:14]} Kg8
{[%clk 0:35:15]} 26. fxe5 {[%clk 0:45:51]} g6 {[%clk 0:32:02]} 27. Bd4
{[%clk 0:40:51]} Bf1 {[%clk 0:25:58]} 28. Be3 {[%clk 0:28:20]} dxe5
{[%clk 0:20:55]} 29. Rh2 {[%clk 0:28:34]} Qxh2 {[%clk 0:18:46]} 30. Rxg6+
{[%clk 0:28:55]} fxg6 {[%clk 0:19:12]} 31. Qxg6+ {[%clk 0:29:19]} Kh8
{[%clk 0:19:39]} 32. Qh6+ 1/2-1/2

[Event "Open Internacional Sant Marti 2023"]
[Site "?"]
[Date "2023.07.16"]
[Round "4.3"]
[White "Shyaamnikhil, P"]
[Black "Subhayan, Kundu"]
[Result "1/2-1/2"]
[BlackElo "2326"]
[WhiteElo "2473"]
[LiveChessVersion "1.4.8"]

1. d4 {[%clk 1:30:11]} Nf6 {[%clk 1:30:35]} 2. Nf3 {[%clk 1:30:18]} g6
{[%clk 1:30:56]} 3. g3 {[%clk 1:29:41]} d5 {[%clk 1:30:54]} 4. Bg2
{[%clk 1:30:04]} Bg7 {[%clk 1:31:19]} 5. O-O {[%clk 1:30:29]} O-O
{[%clk 1:31:46]} 6. c3 {[%clk 1:30:52]} a5 {[%clk 1:31:21]} 7. a4
{[%clk 1:31:07]} c6 {[%clk 1:28:16]} 8. Na3 {[%clk 1:29:53]} Nbd7
{[%clk 1:26:03]} 9. c4 {[%clk 1:29:48]} dxc4 {[%clk 1:25:10]} 10. Nxc4
{[%clk 1:30:08]} Nb6 {[%clk 1:25:30]} 11. Nce5 {[%clk 1:23:02]} Bf5
{[%clk 1:15:41]} 12. b3 Nbd5 {[%clk 0:55:19]} 13. Bb2 {[%clk 1:20:27]} Nb4
{[%clk 0:53:46]} 14. Rc1 {[%clk 1:18:41]} Na2 {[%clk 0:53:37]} 15. Ra1
{[%clk 1:18:46]} Nb4 16. Rc1 {[%clk 1:13:17]} Na2 {[%clk 0:54:15]} 17. Ra1
{[%clk 1:12:41]} Nb4 {[%clk 0:54:31]} 1/2-1/2

[Event "Open Internacional Sant Marti 2023"]
[Site "?"]
[Date "2023.07.16"]
[Round "4.4"]
[White "Macovei, Andrei"]
[Black "Serrano Batova, Vicent"]
[Result "1/2-1/2"]
[BlackElo "2061"]
[WhiteElo "2436"]
[LiveChessVersion "1.4.8"]

1. e4 {[%clk 1:23:32]} c5 {[%clk 1:30:57]} 2. Nf3 {[%clk 1:23:50]} Nc6
{[%clk 1:31:25]} 3. d4 {[%clk 1:24:01]} cxd4 {[%clk 1:31:49]} 4. Nxd4
{[%clk 1:24:28]} g6 {[%clk 1:32:14]} 5. c4 {[%clk 1:24:55]} Nf6 {[%clk 1:32:40]}
6. Nc3 {[%clk 1:25:22]} d6 {[%clk 1:33:07]} 7. Be2 {[%clk 1:25:38]} Nxd4
{[%clk 1:33:28]} 8. Qxd4 {[%clk 1:26:06]} Bg7 {[%clk 1:33:52]} 9. O-O
{[%clk 1:26:57]} O-O {[%clk 1:33:43]} 10. Qd3 {[%clk 1:26:42]} Be6
{[%clk 1:23:14]} 11. Be3 {[%clk 1:26:43]} Qa5 {[%clk 1:17:35]} 12. Bd2
{[%clk 1:23:24]} Rfc8 {[%clk 1:09:00]} 13. b3 {[%clk 1:15:41]} Nd7
{[%clk 1:09:14]} 14. Nd5 {[%clk 1:14:44]} Qd8 {[%clk 1:08:29]} 15. Rac1
{[%clk 1:13:31]} Bxd5 {[%clk 1:07:35]} 16. exd5 {[%clk 1:03:47]} a6
{[%clk 0:59:38]} 17. a4 {[%clk 0:38:38]} Qb6 {[%clk 0:58:59]} 18. a5
{[%clk 0:33:11]} Qd4 {[%clk 0:51:42]} 19. b4 {[%clk 0:32:01]} Rc7 20. Rc2
{[%clk 0:32:30]} Qxd3 {[%clk 0:47:06]} 21. Bxd3 {[%clk 0:26:32]} Bd4 22. Rfc1
{[%clk 0:26:08]} Rac8 {[%clk 0:45:46]} 23. Kf1 Kg7 24. f4 {[%clk 0:18:13]} f5
{[%clk 0:41:08]} 25. Ke2 {[%clk 0:10:57]} Nf6 26. g3 {[%clk 0:10:53]} Kf7
{[%clk 0:35:45]} 27. Be3 Bxe3 {[%clk 0:35:22]} 28. Kxe3 {[%clk 0:11:21]} h5
{[%clk 0:31:53]} 29. Kd4 {[%clk 0:05:03]} h4 30. Be2 Rd7 {[%clk 0:31:42]} 31. Bf3
{[%clk 0:05:25]} Rcd8 {[%clk 0:31:28]} 32. Rg1 hxg3 {[%clk 0:30:17]} 33. hxg3
{[%clk 0:04:28]} Rh8 {[%clk 0:30:34]} 34. Rh1 {[%clk 0:04:39]} Rc8 35. Rc3 Rcd8
{[%clk 0:27:10]} 36. Re1 {[%clk 0:01:36]} Rh8 {[%clk 0:27:14]} 37. Rh1
{[%clk 0:01:03]} Rhd8 {[%clk 0:27:08]} 38. Rd3 {[%clk 0:01:29]} Rc8
{[%clk 0:27:01]} 39. Rh2 {[%clk 0:00:35]} Rdc7 {[%clk 0:27:16]} 40. Rc2
{[%clk 0:00:45]} Rd7 {[%clk 0:26:27]} 41. c5 {[%clk 0:01:14]} dxc5+
{[%clk 0:17:50]} 42. bxc5 Nxd5 {[%clk 0:09:52]} 43. Bxd5+ {[%clk 0:01:43]} e6
{[%clk 0:10:21]} 44. Kc4 {[%clk 0:02:04]} exd5+ {[%clk 0:10:47]} 45. Rxd5
{[%clk 0:02:31]} Re7 46. Rcd2 Rcc7 {[%clk 0:11:17]} 47. R2d4 {[%clk 0:02:08]} Ke8
48. Re5 Rxe5 {[%clk 0:02:25]} 49. fxe5 {[%clk 0:01:05]} Re7 {[%clk 0:02:54]} 50.
Rd5 {[%clk 0:00:35]} g5 51. e6 Rxe6 {[%clk 0:01:41]} 52. Rxf5 {[%clk 0:01:01]}
Re4+ 53. Kd5 Rg4 {[%clk 0:02:22]} 54. Kd6 {[%clk 0:01:25]} Rxg3 {[%clk 0:01:46]}
55. Kc7 Rb3 {[%clk 0:02:05]} 56. Rxg5 {[%clk 0:02:04]} Rb5 57. Re5+
{[%clk 0:01:08]} Kf7 {[%clk 0:02:34]} 58. Kd6 Kf6 {[%clk 0:02:27]} 59. Re6+
{[%clk 0:01:38]} Kf5 {[%clk 0:02:19]} 60. Re7 {[%clk 0:00:41]} Kf6 61. Rc7 Kf5
{[%clk 0:01:25]} 62. Kd5 {[%clk 0:00:48]} Kf6 {[%clk 0:01:49]} 63. Kc4
{[%clk 0:00:36]} Ke6 {[%clk 0:00:42]} 64. Rg7 Rb1 65. Rc7 {[%clk 0:00:36]} Rc1+
{[%clk 0:00:54]} 66. Kd4 Rd1+ {[%clk 0:00:54]} 67. Ke4 {[%clk 0:01:24]} Re1+
{[%clk 0:01:38]} 68. Kd4 {[%clk 0:01:01]} Rd1+ {[%clk 0:02:03]} 69. Kc4
{[%clk 0:00:50]} Rc1+ 70. Kd4 {[%clk 0:00:46]} Rd1+ {[%clk 0:02:26]} 71. Ke4
{[%clk 0:00:48]} Re1+ {[%clk 0:02:51]} 72. Kd4 {[%clk 0:01:15]} Rd1+
{[%clk 0:03:16]} 73. Ke4 {[%clk 0:01:43]} 1/2-1/2

[Event "Open Internacional Sant Marti 2023"]
[Site "?"]
[Date "2023.07.16"]
[Round "4.5"]
[White "Hernando Rodrigo, Julio Antonio"]
[Black "Narciso Dublan, Marc"]
[Result "1/2-1/2"]
[BlackElo "2424"]
[WhiteElo "2240"]
[LiveChessVersion "1.4.8"]

1. d4 {[%clk 1:30:52]} e6 2. c4 {[%clk 1:30:04]} f5 {[%clk 1:31:10]} 3. Nf3
{[%clk 1:30:26]} Nf6 {[%clk 1:31:25]} 4. g3 {[%clk 1:30:49]} Bb4+ 5. Bd2
{[%clk 1:30:16]} Be7 {[%clk 1:31:45]} 6. Bg2 {[%clk 1:30:21]} d5 {[%clk 1:32:05]}
7. O-O {[%clk 1:30:42]} O-O 8. Nc3 {[%clk 1:29:25]} c6 {[%clk 1:32:14]} 9. Qc2
{[%clk 1:25:54]} Ne4 {[%clk 1:30:41]} 10. Rad1 {[%clk 1:25:27]} Nxd2
{[%clk 1:26:06]} 11. Rxd2 {[%clk 1:25:48]} Nd7 {[%clk 1:12:02]} 12. a3 Rb8 13. b4
{[%clk 1:16:18]} dxc4 {[%clk 1:10:42]} 14. e4 {[%clk 1:14:55]} b5 15. d5
{[%clk 1:10:29]} cxd5 {[%clk 0:55:17]} 16. Nd4 {[%clk 1:02:33]} Qb6
{[%clk 0:35:28]} 17. exd5 {[%clk 0:55:46]} Bg5 {[%clk 0:32:35]} 18. Rdd1
{[%clk 0:54:53]} Nf6 {[%clk 0:32:39]} 19. dxe6 {[%clk 0:49:35]} Bxe6
{[%clk 0:27:48]} 20. Rfe1 {[%clk 0:48:52]} Bd7 21. Nf3 {[%clk 0:40:06]} Bh6
{[%clk 0:27:05]} 22. Ne5 Be8 23. Qxf5 {[%clk 0:36:33]} g6 {[%clk 0:15:03]} 24.
Qc2 Bg7 {[%clk 0:13:33]} 25. Kh1 {[%clk 0:28:28]} Rd8 {[%clk 0:09:25]} 26. f4
{[%clk 0:28:16]} Rxd1 {[%clk 0:07:25]} 27. Rxd1 {[%clk 0:25:02]} Qe3
{[%clk 0:06:45]} 28. a4 {[%clk 0:11:44]} a6 {[%clk 0:05:58]} 29. axb5
{[%clk 0:11:59]} axb5 {[%clk 0:06:16]} 30. Ne2 {[%clk 0:11:17]} g5 31. Qd2
{[%clk 0:07:24]} gxf4 {[%clk 0:04:17]} 32. gxf4 {[%clk 0:07:45]} Qxd2
{[%clk 0:04:38]} 33. Rxd2 {[%clk 0:08:13]} Bh6 34. Rd6 {[%clk 0:02:42]} Bh5
{[%clk 0:01:48]} 35. Bf3 {[%clk 0:03:22]} Bxf3+ 36. Nxf3 Bxf4 {[%clk 0:01:56]}
37. Nxf4 {[%clk 0:03:35]} Ne4 {[%clk 0:02:42]} 38. Rc6 {[%clk 0:02:01]} Rxf4 39.
Kg2 Nc3 {[%clk 0:01:32]} 40. Rc5 {[%clk 0:00:35]} h6 {[%clk 0:00:41]} 41. Ne5
{[%clk 0:00:40]} Re4 {[%clk 0:00:43]} 42. Kf3 {[%clk 0:00:46]} Re1
{[%clk 0:00:59]} 43. Kg4 {[%clk 0:00:32]} Kf8 {[%clk 0:00:34]} 44. Kf5
{[%clk 0:00:48]} Ke7 {[%clk 0:00:43]} 45. Nc6+ Kd6 {[%clk 0:00:33]} 46. Nd4
{[%clk 0:01:10]} Rh1 {[%clk 0:00:34]} 47. Nxb5+ {[%clk 0:00:46]} Nxb5
{[%clk 0:01:02]} 48. Rxb5 {[%clk 0:01:14]} Rxh2 49. Ke4 {[%clk 0:01:21]} c3
{[%clk 0:00:33]} 50. Rc5 {[%clk 0:01:15]} c2 {[%clk 0:00:51]} 51. Kf3
{[%clk 0:01:30]} h5 {[%clk 4:04:14]} 52. Kg3 {[%clk 0:01:43]} Rd2 53. Kh4
{[%clk 0:01:46]} Rd4+ {[%clk 0:00:55]} 54. Kh3 {[%clk 0:02:09]} Rd2 55. Kh4
{[%clk 0:01:48]} Re2 {[%clk 0:01:27]} 56. Kg3 Ke6 {[%clk 0:00:37]} 57. Kh3
{[%clk 0:01:55]} Kd7 {[%clk 0:00:39]} 58. Kg3 {[%clk 0:02:07]} Kd6
{[%clk 0:01:02]} 59. Kh3 Re3+ {[%clk 0:01:02]} 60. Kh4 {[%clk 0:02:45]} Re4+
{[%clk 0:01:27]} 61. Kh3 Re2 {[%clk 0:01:14]} 62. Kg3 {[%clk 0:03:31]} Ke5
1/2-1/2

[Event "Open Internacional Sant Marti 2023"]
[Site "?"]
[Date "2023.07.16"]
[Round "4.6"]
[White "Dahale, Atul"]
[Black "Cordoba Roa, Angel Gabriel"]
[Result "1-0"]
[BlackElo "2339"]
[WhiteElo "2150"]
[LiveChessVersion "1.4.8"]

1. e4 e5 2. Nf3 Nc6 3. Bc4 Bc5 4. c3 Nf6 5. d3 d6 6. a4 a5 7. h3 O-O 8. O-O
{[%clk 1:19:54]} h6 {[%clk 1:27:12]} 9. Re1 Re8 {[%clk 1:25:40]} 10. Nbd2
{[%clk 1:16:59]} Ba7 {[%clk 1:25:43]} 11. Nf1 {[%clk 1:13:32]} Ne7
{[%clk 1:22:10]} 12. Qb3 Rf8 {[%clk 1:22:26]} 13. Be3 {[%clk 1:00:36]} Bxe3
{[%clk 1:21:20]} 14. Rxe3 {[%clk 0:53:30]} c6 {[%clk 1:12:10]} 15. Rd1
{[%clk 0:52:58]} Qc7 {[%clk 0:54:14]} 16. Qc2 {[%clk 0:50:46]} Ng6
{[%clk 0:48:27]} 17. d4 {[%clk 0:47:49]} exd4 {[%clk 0:40:42]} 18. cxd4
{[%clk 0:42:11]} Nf4 {[%clk 0:32:27]} 19. Ba2 {[%clk 0:38:45]} Qd8
{[%clk 0:30:58]} 20. Ng3 {[%clk 0:29:11]} Be6 {[%clk 0:30:45]} 21. Bb1
{[%clk 0:15:28]} Ng6 22. d5 {[%clk 0:15:57]} cxd5 {[%clk 0:19:56]} 23. exd5
{[%clk 0:15:38]} Bxd5 {[%clk 0:17:00]} 24. Nf5 {[%clk 0:15:27]} Rc8
{[%clk 0:15:35]} 25. Qd2 {[%clk 0:12:49]} Qb6 {[%clk 0:13:47]} 26. N3d4 Rfe8
{[%clk 0:14:13]} 27. Rxe8+ {[%clk 0:12:08]} Rxe8 {[%clk 0:05:54]} 28. Nxg7
{[%clk 0:09:57]} Re5 {[%clk 0:04:47]} 29. Qxh6 Qb4 {[%clk 0:05:16]} 30. Ngf5
{[%clk 0:08:32]} Re1+ 31. Kh2 {[%clk 0:06:57]} Ne8 {[%clk 0:05:39]} 32. Nc2 1-0

[Event "Open Internacional Sant Marti 2023"]
[Site "?"]
[Date "2023.07.16"]
[Round "4.7"]
[White "Leslie, Alex"]
[Black "Asis Gargatagli, Hipolito"]
[Result "0-1"]
[BlackElo "2530"]
[WhiteElo "2088"]
[LiveChessVersion "1.4.8"]

1. d4 {[%clk 1:30:56]} Nf6 {[%clk 1:22:54]} 2. c4 {[%clk 1:31:17]} g6
{[%clk 1:23:14]} 3. Nf3 {[%clk 1:31:35]} Bg7 {[%clk 1:23:27]} 4. g3
{[%clk 1:31:57]} O-O {[%clk 1:23:23]} 5. Bg2 {[%clk 1:32:19]} d6 {[%clk 1:22:33]}
6. O-O {[%clk 1:32:31]} Nbd7 {[%clk 1:22:13]} 7. Nc3 {[%clk 1:32:26]} e5
{[%clk 1:22:30]} 8. e4 {[%clk 1:31:58]} exd4 {[%clk 1:22:35]} 9. Nxd4
{[%clk 1:32:20]} Re8 {[%clk 1:22:57]} 10. h3 {[%clk 1:25:12]} Nc5
{[%clk 1:20:09]} 11. Re1 {[%clk 1:25:08]} h6 {[%clk 1:20:20]} 12. Rb1
{[%clk 1:14:26]} c6 {[%clk 1:16:48]} 13. b3 {[%clk 1:07:32]} a5 {[%clk 1:15:49]}
14. a3 {[%clk 1:02:53]} Nfd7 {[%clk 0:55:49]} 15. Be3 {[%clk 0:55:39]} Ne5
{[%clk 0:49:49]} 16. Qc2 {[%clk 0:53:24]} a4 {[%clk 0:39:23]} 17. b4
{[%clk 0:42:17]} Nxc4 {[%clk 0:38:04]} 18. bxc5 {[%clk 0:39:10]} dxc5
{[%clk 0:37:53]} 19. Nde2 {[%clk 0:29:56]} Nxa3 {[%clk 0:33:42]} 20. Qa2
{[%clk 0:28:35]} Nxb1 {[%clk 0:33:59]} 21. Rxb1 {[%clk 0:28:47]} a3
{[%clk 0:25:16]} 22. Bxc5 {[%clk 0:24:15]} Qd3 {[%clk 0:22:37]} 23. Rd1
{[%clk 0:23:38]} Qxd1+ {[%clk 0:21:59]} 24. Nxd1 {[%clk 0:24:03]} Be6
{[%clk 0:22:27]} 25. Qxa3 {[%clk 0:23:43]} Rxa3 {[%clk 0:22:50]} 26. Bxa3
{[%clk 0:24:08]} Ra8 {[%clk 0:22:52]} 27. Bc1 {[%clk 0:22:27]} Ra1
{[%clk 0:22:54]} 0-1

[Event "Open Internacional Sant Marti 2023"]
[Site "?"]
[Date "2023.07.16"]
[Round "4.8"]
[White "Suvradeepta, Das"]
[Black "Jimenez Garcia, Emmanuel"]
[Result "0-1"]
[BlackElo "2437"]
[WhiteElo "2110"]
[LiveChessVersion "1.4.8"]

1. d4 d6 {[%clk 1:30:44]} 2. c4 {[%clk 1:30:38]} e5 {[%clk 1:30:40]} 3. Nc3
{[%clk 1:27:53]} exd4 {[%clk 1:31:05]} 4. Qxd4 {[%clk 1:28:19]} Nc6
{[%clk 1:31:30]} 5. Qd2 {[%clk 1:28:44]} Nf6 {[%clk 1:31:57]} 6. Nf3 g6
{[%clk 1:27:51]} 7. b3 {[%clk 1:22:48]} Bg7 {[%clk 1:27:49]} 8. Bb2
{[%clk 1:23:08]} O-O {[%clk 1:28:12]} 9. g3 Be6 {[%clk 1:26:52]} 10. Bg2
{[%clk 1:20:41]} d5 11. cxd5 {[%clk 1:19:20]} Nxd5 {[%clk 1:27:06]} 12. Nxd5
{[%clk 1:18:55]} Qxd5 {[%clk 1:25:33]} 13. Bxg7 {[%clk 1:13:57]} Kxg7
{[%clk 1:24:56]} 14. Qxd5 {[%clk 1:08:44]} Bxd5 {[%clk 1:25:21]} 15. O-O-O
{[%clk 1:07:50]} Rad8 {[%clk 1:25:13]} 16. Rd2 {[%clk 1:07:37]} Rd6
{[%clk 1:25:22]} 17. Rhd1 {[%clk 1:07:44]} Rfd8 {[%clk 1:25:44]} 18. Ne1 Bxg2
{[%clk 1:21:21]} 19. Rxd6 {[%clk 1:02:22]} Rxd6 20. Rxd6 {[%clk 1:01:46]} cxd6
{[%clk 1:21:52]} 21. Nxg2 {[%clk 1:02:14]} Kf6 {[%clk 1:22:15]} 22. Kd2
{[%clk 1:01:54]} Ke5 {[%clk 1:22:32]} 23. Ne1 {[%clk 0:59:29]} g5
{[%clk 1:20:37]} 24. Nf3+ {[%clk 0:58:49]} Kf5 {[%clk 1:20:42]} 25. h3
{[%clk 0:57:47]} h6 {[%clk 1:20:14]} 26. Kc3 {[%clk 0:55:58]} Ke4
{[%clk 1:17:47]} 27. Nd2+ {[%clk 0:56:18]} Kd5 {[%clk 1:18:05]} 28. Nc4
{[%clk 0:53:59]} f5 29. a3 Nd4 {[%clk 1:13:51]} 30. e3 {[%clk 0:48:28]} Nf3 31.
Nd2 Nxd2 {[%clk 1:03:10]} 32. Kxd2 {[%clk 0:37:24]} Ke4 {[%clk 1:03:26]} 33. Ke2
{[%clk 0:35:30]} g4 {[%clk 1:04:14]} 34. hxg4 {[%clk 0:30:43]} fxg4
{[%clk 0:59:27]} 35. a4 {[%clk 0:26:42]} b6 36. Kd2 {[%clk 0:27:04]} d5
{[%clk 0:57:40]} 37. Ke2 {[%clk 0:27:23]} h5 38. Kd2 d4 {[%clk 0:49:53]} 39. exd4
{[%clk 0:26:25]} Kxd4 {[%clk 0:50:21]} 40. Kc2 {[%clk 0:26:45]} b5
{[%clk 0:49:19]} 41. axb5 {[%clk 0:23:40]} Kc5 {[%clk 0:49:31]} 42. b6
{[%clk 0:21:18]} Kxb6 43. Kb2 {[%clk 0:11:04]} Kc5 {[%clk 0:49:09]} 44. Kc3
{[%clk 0:08:24]} Kb5 45. Kc2 {[%clk 0:04:31]} Kb4 {[%clk 0:49:38]} 46. Kb2
{[%clk 0:04:59]} a6 47. Kc2 {[%clk 0:02:25]} Ka3 {[%clk 0:50:27]} 48. Kc3
{[%clk 0:02:53]} a5 {[%clk 0:49:53]} 49. Kc2 {[%clk 0:01:04]} Ka2
{[%clk 0:50:16]} 50. Kc3 {[%clk 0:01:24]} Kb1 {[%clk 0:50:41]} 51. Kd3
{[%clk 0:00:42]} Kb2 {[%clk 0:51:01]} 52. Kc4 {[%clk 0:01:10]} Kc2
{[%clk 0:51:20]} 0-1

[Event "Open Internacional Sant Marti 2023"]
[Site "?"]
[Date "2023.07.16"]
[Round "4.9"]
[White "Alvarez Calzadilla, Jose Avelino"]
[Black "Sole Pijuan, Ferran"]
[Result "0-1"]
[BlackElo "2157"]
[WhiteElo "2364"]
[LiveChessVersion "1.4.8"]

1. e4 e5 {[%clk 1:22:37]} 2. Nf3 {[%clk 1:31:20]} Nc6 {[%clk 1:22:50]} 3. Bb5
{[%clk 1:31:45]} a6 {[%clk 1:23:06]} 4. Ba4 {[%clk 1:32:10]} Nf6 {[%clk 1:23:29]}
5. O-O Be7 {[%clk 1:23:16]} 6. Re1 {[%clk 1:32:05]} b5 {[%clk 1:23:38]} 7. Bb3
{[%clk 1:32:30]} d6 {[%clk 1:24:00]} 8. c3 {[%clk 1:32:54]} O-O {[%clk 1:24:21]}
9. h3 {[%clk 1:33:20]} Na5 {[%clk 1:24:33]} 10. Bc2 {[%clk 1:33:39]} c5
{[%clk 1:24:56]} 11. d4 {[%clk 1:34:05]} Nd7 {[%clk 1:25:09]} 12. Nbd2
{[%clk 1:31:41]} exd4 {[%clk 1:25:30]} 13. cxd4 {[%clk 1:32:05]} Nc6 14. d5
{[%clk 1:32:04]} Nce5 {[%clk 1:26:20]} 15. a4 Rb8 {[%clk 1:26:36]} 16. Nxe5
{[%clk 1:29:33]} Nxe5 {[%clk 1:26:55]} 17. f4 {[%clk 1:29:03]} Ng6
{[%clk 1:27:17]} 18. Nf3 {[%clk 1:28:40]} Bh4 19. Nxh4 {[%clk 1:16:19]} Qxh4
{[%clk 1:28:01]} 20. Ra3 Nxf4 {[%clk 1:18:25]} 21. g3 {[%clk 1:12:43]} Nxh3+
{[%clk 1:18:19]} 22. Kg2 {[%clk 1:00:02]} Qf6 23. Rf1 {[%clk 0:41:14]} Qe5
{[%clk 1:00:33]} 24. Rh1 b4 25. Rf3 {[%clk 0:31:41]} b3 {[%clk 0:44:07]} 26. Bb1
{[%clk 0:27:59]} Qh5 27. Rf5 {[%clk 0:14:54]} Qxd1 {[%clk 0:40:59]} 28. Rxd1
{[%clk 0:12:52]} f6 {[%clk 0:37:18]} 29. e5 dxe5 {[%clk 0:28:21]} 30. d6
{[%clk 0:11:21]} Bxf5 {[%clk 0:26:43]} 31. Bxf5 {[%clk 0:11:44]} Ng5
{[%clk 0:27:06]} 32. Be3 g6 {[%clk 0:21:53]} 33. Bd3 {[%clk 0:11:09]} Kg7 34.
Bxc5 {[%clk 0:07:07]} Ne6 {[%clk 0:21:31]} 35. Ba3 {[%clk 0:07:35]} Rfc8
{[%clk 0:19:32]} 36. Bxa6 {[%clk 0:04:08]} Rc2+ {[%clk 0:19:58]} 37. Kf1
{[%clk 0:04:28]} Nd4 {[%clk 0:20:01]} 38. a5 {[%clk 0:03:38]} Rc6
{[%clk 0:17:04]} 39. Bd3 {[%clk 0:03:18]} Nc2 {[%clk 0:16:49]} 40. Be4
{[%clk 0:02:49]} Rc4 {[%clk 0:15:52]} 41. Bxc2 {[%clk 0:01:29]} bxc2
{[%clk 0:16:13]} 42. Rc1 {[%clk 0:02:04]} Rb5 {[%clk 0:13:50]} 43. a6 Kf7
{[%clk 0:10:55]} 44. d7 {[%clk 0:01:14]} Rd5 {[%clk 0:11:07]} 45. a7
{[%clk 0:00:51]} Ra4 {[%clk 0:11:32]} 46. Bc5 {[%clk 0:00:58]} Rxd7
{[%clk 0:11:33]} 47. Rxc2 {[%clk 0:01:19]} Raxa7 {[%clk 0:11:51]} 48. Bxa7
{[%clk 0:01:45]} Rxa7 {[%clk 0:12:17]} 49. Ke2 {[%clk 0:01:58]} Rb7
{[%clk 0:12:03]} 50. Kd3 Ke6 {[%clk 0:12:19]} 51. Rh2 {[%clk 0:02:06]} h5
{[%clk 0:12:26]} 52. Kc4 {[%clk 0:02:32]} f5 {[%clk 0:10:40]} 53. b4
{[%clk 0:02:57]} f4 {[%clk 0:11:03]} 54. b5 {[%clk 0:03:07]} Kf5 {[%clk 0:08:54]}
55. gxf4 exf4 {[%clk 0:09:17]} 56. Rb2 {[%clk 0:03:35]} f3 {[%clk 0:06:43]} 57.
Kd3 {[%clk 0:03:43]} Kf4 {[%clk 0:06:56]} 58. b6 {[%clk 0:04:08]} g5
{[%clk 0:07:01]} 59. Kd2 {[%clk 0:04:00]} g4 {[%clk 0:06:27]} 60. Ke1
{[%clk 0:04:28]} Kg3 {[%clk 0:06:29]} 61. Kf1 {[%clk 0:04:46]} h4
{[%clk 0:06:41]} 62. Kg1 h3 {[%clk 0:06:02]} 63. Rg2+ {[%clk 0:05:24]} Kf4
{[%clk 0:06:11]} 64. Rb2 {[%clk 0:05:52]} g3 {[%clk 0:06:32]} 65. Rb4+ Ke5
{[%clk 0:04:13]} 66. Kh1 {[%clk 0:06:16]} Kf5 {[%clk 0:03:09]} 67. Rb1
{[%clk 0:06:39]} Ke6 {[%clk 0:03:09]} 68. Rb3 {[%clk 0:06:44]} Rf7
{[%clk 0:02:31]} 69. Re3+ {[%clk 0:06:49]} Kd5 {[%clk 0:02:53]} 70. b7
{[%clk 0:07:09]} Rxb7 {[%clk 0:03:05]} 0-1